Religiosa...per qué? / (Record no. 150090)

MARC details
000 -LEADER
campo de control de longitud fija 00658nam a2200217 i 4500
001 - NÚMERO DE CONTROL
campo de control 150090
003 - IDENTIFICADOR DE NÚMERO DE CONTROL
campo de control ES-MaACL
005 - FECHA Y HORA DE LA ÚLTIMA TRANSACCIÓN
campo de control 20260215175251.0
007 - CAMPO FIJO DE DESCRIPCIÓN FÍSICA--INFORMACIÓN GENERAL
campo de control de longitud fija t|
008 - DATOS DE LONGITUD FIJA--INFORMACIÓN GENERAL
campo de control de longitud fija 051021s1967 an ||||1| cat d
100 1# - ENTRADA PRINCIPAL--NOMBRE DE PERSONA
Nombre de persona Meersch, Francoise van der.
9 (RLIN) 79797
245 10 - MENCIÓN DEL TÍTULO
Título Religiosa...per qué? /
Mención de responsabilidad, etc. Francoise van der Meersch; [traduit del francès per A. Tomás].
250 ## - MENCION DE EDICION
Mención de edición [1ª ed.].
260 ## - PUBLICACIÓN, DISTRIBUCIÓN, ETC.
Lugar de publicación, distribución, etc. Andorra :
Nombre del editor, distribuidor, etc. Casal i Vall,
Fecha de publicación, distribución, etc. 1967.
300 ## - DESCRIPCIÓN FÍSICA
Extensión 150 p. ;
Dimensiones 19 cm.
490 1# - MENCIÓN DE SERIE
Mención de serie Jalons ;
Designación de volumen o secuencia 12
700 0# - ENTRADA AGREGADA--NOMBRE PERSONAL
Nombre de persona Tomas, Alberto,
Títulos y otros términos asociados al nombre (O.S.B.)
9 (RLIN) 110496
830 0# - PUNTO DE ACCESO ADICIONAL DE SERIE-TÍTULO UNIFORME
Título uniforme Jalons ;
Designación de volumen o secuencia 12
9 (RLIN) 184358
852 ## - LOCALIZACIÓN
Ubicación ES-MaACL
Número de control de estantería C-32179
Sublocalización o colección R.62877
Holdings
Estatus retirado Estado de pérdida Estado de daño No para préstamo Biblioteca de origen Biblioteca actual Ubicación en estantería Fecha de adquisición Fuente de adquisición Total de préstamos Signatura topográfica completa Código de barras Visto por última vez Precio de reemplazo Tipo de ítem Koha
        Biblioteca del Ateneo de Madrid Biblioteca del Ateneo de Madrid Depósito 2 17/01/2008     C-32179 1156620 23/02/2023 23/02/2023 Libro impreso